1124 1011 1847 1777 1671 1426 1564 1078 1744 1102 1903 1054 1781 1011 1597 1064 1666 1815 1773 1827 1070 1528 1760 1213 1534 1521 1075 1007 1788 1727 1678 1107 1868 1856 1514 1084 1937 1218 1219 1201 1748 1191 1297 1681 1217 1471 1199 1239 1500 1708 1778 1598 1405 1412 1247 1378 1335 1819 1768 1719 1907 1882 1768 1172 1215 1281 1671 1708 1695 1701 1733 1937 1649 1701 1254 1402 1609 1265 1404 1644 1317 1612 1805 1064 1440 1441 1844 1240 1132 1909 1360 1547 1595 1345 1250 1618 1915 1556 1550 BCNSPRNW ULIB Ver.6.0+V

เปลี่ยนเป็นภาษาไทย

Change to English
 แสดงรายละเอียดบรรณานุกรม
  กลับหน้าหลัก

Brief Record : Get Marc (ISO 2709) : E-mail record : QR code < ปิดหน้าต่าง
LEADER : 00000nam 2200000uu 4500
001    13399107673
003     ULIB
008    110114s2545th 000 0 tha d
020    9745863998
060 04 QT104^bค127ส 2545
245 00 สรีรวิทยา /^cโดยคณาจารย์ภาควิชาสรีรวิทยา คณะวิทยาศาสตร์มหาวิทยาลัยมหิดล ; คณะผู้จัดทำ, ชุมพล ผลประมูล ... [และคนอื่นๆ]
250    พิมพ์ครั้งที่ 3
260    กรุงเทพฯ :^bภาควิชาสรีรวิทยา คณะวิทยาศาสตร์มหาวิทยาลัยมหิดล,^c2545
650  7 สรีรวิทยา
700 0  คณาจารย์ภาควิชาสรีรวิทยา คณะวิทยาศาสตร์ มหาวิทยาลัยมหิดล
710 2  มหาวิทยาลัยมหิดล. ^bคณะวิทยาศาสตร์. ^bภาควิชาสรีรวิทยา
945    ^p300^l0^i019895
945    ^p300^l0^i019896
995    เกษร
999 ^a ใช้งานได้ทุกระบบ
รายการนี้ยังไม่มีแท็ก
คุณยังไม่ได้ล็อกอิน คุณสามารถมีกิจกรรมร่วมกับเว็บไซต์ได้ แต่ต้องล็อกอินก่อน ::
  ล็อกอิน

รายการสื่อสารสนเทศ

ลำดับที่ ประเภท เลขเรียก/บาร์โค้ด สถานที่ สถานะ
- ไม่พบข้อมูล -

รายการใกล้เคียง
    หัวเรื่อง [สรีรวิทยา]

BibComment


ยังไม่เคยถูกคอมเมนท์

คอมเมนท์ทรัพยากรรายการนี้
  คอมเมนท์: สรีรวิทยา โดยคณา..


 Copyright 2026. Bcnsprnw @Library